000 01331cad a22003375a 4500
001 L122276
008 030304s2003 xxk 000 0 eng u
020 _a7777018493
035 _a(Sirsi) u122276
041 _aeng
050 _a711.409426
_c18
110 _aUnited Kingdom
_bOffice of the Deputy Prime Minister
240 _aCommunities plan
245 _aSustainable communities in the East of England
_bbuilding for the future
_h[electronic resource]
260 _aLondon
_bODPM
_c2003
490 _aODPM Communities Plan
520 _aOne in series of daughter documents to the government 'communities plan' (ISBN 7777018485), this regional programme of action sets out proposals for maintaining and creating sustainable communities in the East of England. View the plan at www.dclg.gov.uk.
590 _aABS
650 _aSUSTAINABLE COMMUNITIES: BUILDING FOR THE FUTURE
650 _aEASTERN ENGLAND
650 _aHOUSE BUILDING
650 _aPLANNING PROCESS
650 _aREGIONAL PLANNING
650 _aREGIONAL PLANNING POLICY
650 _aRURAL COMMUNITIES
650 _aSUSTAINABLE COMMUNITIES
650 _aURBAN COMMUNITIES
690 _aREGENERATION
856 _uhttps://www.communities.gov.uk/documents/communities/pdf/143600.pdf
_zView the plan on the DCLG website...
942 _n0
999 _c102803
_d102803